[Event "EU-ch rapid"]
[Site "Minsk"]
[Date "2015.12.20"]
[Round "9"]
[White "Pankov, German"]
[Black "Savitski, Andrei"]
[Result "1-0"]
[WhiteElo "2404"]
[BlackElo "2149"]
[PlyCount "88"]
[EventDate "2015.12.19"]
[EventType "swiss (rapid)"]
[EventRounds "11"]
[EventCountry "BLR"]
[SourceTitle "EXT 2017"]
[Source "ChessBase"]
[SourceDate "2016.10.25"]
[SourceVersion "1"]
[SourceVersionDate "2016.10.25"]
[SourceQuality "1"]

1. d4 d5 2. Nf3 c6 3. c4 Nf6 4. e3 Bg4 5. Qb3 Bxf3 6. gxf3 Qb6 7. Nc3 e6 8. e4 Qxb3 9. axb3 Bb4 10. Bd3 e5 11. dxe5 Nfd7 12. cxd5 cxd5 13. Ke2 Bxc3 14. bxc3 Nxe5 15. Bb5+ Ned7 16. exd5 0-0 17. Be3 Nf6 18. Rhd1 a6 19. c4 Rd8 20. Bg5 b6 21. Be3 Nfd7 22. Bc6 Ra7 23. b4 Rc7 24. b5 a5 25. Rac1 Rcc8 26. Bb7 Rc7 27. Bc6 Ra7 28. d6 a4 29. Ra1 a3 30. Rd3 Ra4 31. Bd5 a2 32. Rd2 Nc5 33. Bxc5 bxc5 34. Raxa2 Rxa2 35. Rxa2 Rxd6 36. Ra7 Rd7 37. b6 Kf8 38. Rc7 Ke7 39. Rxc5 Kd6 40. Ra5 Re7+ 41. Kd3 Nd7 42. Kd4 Re2 43. c5+ Nxc5 44. Rxc5 Rd2+ 1-0

[Event "EU-ch blitz"]
[Site "Minsk"]
[Date "2015.12.18"]
[Round "18.21"]
[White "Kryakvin, Dmitry"]
[Black "Pankov, German"]
[Result "1-0"]
[WhiteElo "2529"]
[BlackElo "2404"]
[PlyCount "59"]
[EventDate "2015.12.18"]
[EventType "swiss (blitz)"]
[EventRounds "22"]
[EventCountry "BLR"]
[SourceTitle "EXT 2017"]
[Source "ChessBase"]
[SourceDate "2016.10.25"]
[SourceVersion "1"]
[SourceVersionDate "2016.10.25"]
[SourceQuality "1"]

1. d4 d5 2. c4 e5 3. dxe5 d4 4. e4 Nc6 5. f4 f6 6. exf6 Nxf6 7. Bd3 Bg4 8. Nf3 Bb4+ 9. Nbd2 Qe7 10. 0-0 0-0-0 11. h3 Bh5 12. e5 Nd7 13. Ne4 Nc5 14. a3 Nxe4 15. Bxe4 Bc5 16. b4 d3+ 17. bxc5 Qxc5+ 18. Kh2 Qxc4 19. Bxc6 Qxc6 20. Be3 Qe4 21. Qd2 h6 22. Rab1 g5 23. Rb4 Qd5 24. Rd4 Qb3 25. f5 Qc2 26. Rxd8+ Rxd8 27. e6 g4 28. hxg4 Bxg4 29. Ne5 Rd5 30. Nxg4 1-0

[Event "EU-ch blitz"]
[Site "Minsk"]
[Date "2015.12.18"]
[Round "9.44"]
[White "Shevchenko, Kirill"]
[Black "Pankov, German"]
[Result "1-0"]
[WhiteElo "2373"]
[BlackElo "2404"]
[PlyCount "189"]
[EventDate "2015.12.18"]
[EventType "swiss (blitz)"]
[EventRounds "22"]
[EventCountry "BLR"]
[SourceTitle "EXT 2017"]
[Source "ChessBase"]
[SourceDate "2016.10.25"]
[SourceVersion "1"]
[SourceVersionDate "2016.10.25"]
[SourceQuality "1"]

1. e4 c5 2. Nf3 Nc6 3. d4 cxd4 4. Nxd4 g6 5. Nc3 Bg7 6. Be3 Nf6 7. Bc4 0-0 8. Bb3 a5 9. 0-0 a4 10. Nxa4 Nxe4 11. Nb5 Ra6 12. c4 d6 13. Re1 Nf6 14. h3 Be6 15. Qe2 Nd7 16. Rad1 Qc8 17. Rc1 Na5 18. Qd2 Nxb3 19. axb3 Nc5 20. Nxc5 dxc5 21. Rcd1 Ra2 22. Nc3 Ra6 23. Bh6 Rd6 24. Qf4 Rfd8 25. Bxg7 Kxg7 26. Rxd6 Rxd6 27. Ne4 Rd4 28. Qe5+ Kg8 29. Nxc5 Rd6 30. Ne4 Rd3 31. Nc5 Rd6 32. Qe3 Qc6 33. h4 h5 34. Ne4 Rd8 35. Ng5 Rd6 36. c5 Rd5 37. Nxe6 fxe6 38. Qxe6+ Qxe6 39. Rxe6 Kf7 40. Rb6 Rxc5 41. Rxb7 Rc2 42. b4 Rxb2 43. b5 Kf6 44. b6 Kf7 45. Rb8 Kg7 46. g3 Kf7 47. Kg2 Rb3 48. Kf1 Rb2 49. Ke1 Kg7 50. b7 Kf7 51. Kd1 Kg7 52. Kc1 Rb6 53. Kc2 Kf7 54. Kc3 Kg7 55. Kc4 Kf7 56. Kd4 Rb4+ 57. Kc5 Rb2 58. f4 Rb3 59. Kc4 Rb1 60. Kd4 Rb4+ 61. Ke3 Rb3+ 62. Kd2 Rb2+ 63. Kd3 Rb3+ 64. Kd4 Rb4+ 65. Kd5 Rb1 66. f5 gxf5 67. Ke5 Rb5+ 68. Kf4 Kg7 69. Kg5 Kf7 70. Kf4 Kg7 71. Kg5 Kf7 72. Rh8 Rxb7 73. Rxh5 Rb5 74. Rh7+ Kf8 75. h5 Rb6 76. Kxf5 Rb5+ 77. Kg4 Rb4+ 78. Kh3 e5 79. Ra7 Kg8 80. g4 e4 81. Kg3 e3 82. Re7 Rb3 83. Kf4 Rb4+ 84. Kf3 Rb3 85. Rxe3 Rb5 86. Kf4 Kg7 87. Re7+ Kh6 88. Re6+ Kg7 89. Re5 Rb4+ 90. Kg5 Kh7 91. Re7+ Kg8 92. Kf5 Rb5+ 93. Kf6 Rb6+ 94. Re6 Rb7 95. Re8+ 1-0

[Event "EU-ch blitz"]
[Site "Minsk"]
[Date "2015.12.18"]
[Round "22.25"]
[White "Skliarov, Viktor"]
[Black "Pankov, German"]
[Result "1-0"]
[WhiteElo "2420"]
[BlackElo "2404"]
[PlyCount "53"]
[EventDate "2015.12.18"]
[EventType "swiss (blitz)"]
[EventRounds "22"]
[EventCountry "BLR"]
[SourceTitle "EXT 2017"]
[Source "ChessBase"]
[SourceDate "2016.10.25"]
[SourceVersion "1"]
[SourceVersionDate "2016.10.25"]
[SourceQuality "1"]

1. e4 c5 2. Nf3 e6 3. d4 cxd4 4. Nxd4 Qb6 5. Nc3 Bc5 6. Na4 Qa5+ 7. c3 Bxd4 8. Qxd4 Nf6 9. f3 Nc6 10. Qd1 d5 11. Bg5 dxe4 12. Bxf6 gxf6 13. fxe4 Qe5 14. Qe2 Rb8 15. Qe3 f5 16. 0-0-0 b5 17. Qc5 Qf4+ 18. Kb1 Qxe4+ 19. Bd3 Qd5 20. Qxd5 exd5 21. Nc5 Be6 22. Rhe1 Ke7 23. Bxf5 Nd8 24. Rxd5 Rb6 25. Rd7+ Ke8 26. Bxe6 Nxe6 27. Rxa7 1-0

[Event "Chigorin Memorial 19th"]
[Site "St Petersburg"]
[Date "2011.10.21"]
[Round "8"]
[White "Pankov, German"]
[Black "Yakimenko, Alexander A"]
[Result "1-0"]
[WhiteElo "2392"]
[BlackElo "2211"]
[PlyCount "129"]
[EventDate "2011.10.14"]
[EventType "swiss"]
[EventRounds "9"]
[EventCountry "RUS"]
[SourceTitle "CBM 144 Extra"]
[Source "ChessBase"]
[SourceDate "2011.10.28"]
[SourceVersion "1"]
[SourceVersionDate "2011.10.28"]
[SourceQuality "1"]

1. d4 e6 2. c4 Nf6 3. Nf3 b6 4. a3 Ba6 5. Qc2 d5 6. cxd5 exd5 7. g3 Bd6 8. Bg2 0-0 9. 0-0 Nbd7 10. Nc3 Re8 11. Re1 Bb7 12. Nb5 Ne4 13. Nxd6 cxd6 14. Qa4 Rc8 15. Bh3 Bc6 16. Qb3 Rc7 17. Be3 Nf8 18. Rac1 Qa8 19. Rc2 Ne6 20. Rec1 Rcc8 21. Ne1 Bb7 22. Nd3 Rxc2 23. Rxc2 Ba6 24. Qa4 Bc4 25. Nf4 b5 26. Qa5 Qb7 27. Nxe6 fxe6 28. b3 Bxb3 29. Bxe6+ Kh8 30. Rc7 Qb6 31. Qxa7 Qxa7 32. Rxa7 Bc4 33. Bg4 Rf8 34. h4 h6 35. Re7 Ra8 36. Bf5 Nc3 37. Kg2 Nxe2 38. Rd7 Kg8 39. Bg6 Kf8 40. Rf7+ Kg8 41. Re7 Kf8 42. Re6 Rd8 43. h5 Kg8 44. Kh3 Ng1+ 45. Kg2 Ne2 46. g4 Kf8 47. Kh3 Kg8 48. Kh4 Ng1 49. f4 Ne2 50. f5 Rf8 51. Rxd6 Nc3 52. f6 Rxf6 53. Rxf6 gxf6 54. Bxh6 Ba2 55. Bd2 Ne4 56. Bf4 Nc3 57. h6 Bb1 58. Kh5 Be4 59. g5 Ne2 60. h7+ Kh8 61. Bb8 Nxd4 62. gxf6 Ne6 63. Be5 Bxg6+ 64. Kxg6 Nf8+ 65. Kh6 1-0

[Event "Chigorin Memorial 19th"]
[Site "St Petersburg"]
[Date "2011.10.20"]
[Round "7"]
[White "Yevseev, Denis"]
[Black "Pankov, German"]
[Result "1-0"]
[WhiteElo "2529"]
[BlackElo "2392"]
[PlyCount "63"]
[EventDate "2011.10.14"]
[EventType "swiss"]
[EventRounds "9"]
[EventCountry "RUS"]
[SourceTitle "CBM 144 Extra"]
[Source "ChessBase"]
[SourceDate "2011.10.28"]
[SourceVersion "1"]
[SourceVersionDate "2011.10.28"]
[SourceQuality "1"]

1. Nf3 g6 2. d4 Nf6 3. c4 Bg7 4. Nc3 0-0 5. e4 d6 6. Be2 Bg4 7. Be3 Nfd7 8. Ng1 Bxe2 9. Ngxe2 c5 10. 0-0 Nc6 11. d5 Nce5 12. b3 Ng4 13. Bg5 Rb8 14. Rc1 a6 15. a4 b6 16. Qc2 Ngf6 17. f4 Ne8 18. Bh4 Nc7 19. e5 Ne8 20. e6 fxe6 21. dxe6 Ndf6 22. f5 Bh6 23. fxg6 Bxc1 24. Qxc1 hxg6 25. Qh6 Ng7 26. Bxf6 Rxf6 27. Rxf6 exf6 28. Nd5 Nxe6 29. Qxg6+ Kf8 30. Nxf6 Ng7 31. Nh7+ Kg8 32. Ng5 1-0

[Event "St Petersburg Botvinnik 100 op"]
[Site "St Petersburg"]
[Date "2011.08.20"]
[Round "9"]
[White "Pankov, German"]
[Black "Levin, Evgeny A"]
[Result "1/2-1/2"]
[WhiteElo "2387"]
[BlackElo "2465"]
[PlyCount "61"]
[EventDate "2011.08.12"]
[EventType "swiss"]
[EventRounds "9"]
[EventCountry "RUS"]
[SourceTitle "CBM 143 Extra"]
[Source "ChessBase"]
[SourceDate "2011.08.29"]
[SourceVersion "1"]
[SourceVersionDate "2011.08.29"]
[SourceQuality "1"]

1. d4 Nf6 2. Nf3 g6 3. Nc3 d5 4. Bf4 Bg7 5. e3 c6 6. Be2 0-0 7. 0-0 Bg4 8. h3 Bxf3 9. Bxf3 Nbd7 10. e4 dxe4 11. Nxe4 Nxe4 12. Bxe4 e5 13. dxe5 Nxe5 14. c3 Re8 15. Re1 Qf6 16. Bxe5 Qxe5 17. Bf3 Qxe1+ 18. Qxe1 Rxe1+ 19. Rxe1 Kf8 20. Kf1 Rd8 21. Rd1 Rxd1+ 22. Bxd1 Ke7 23. Ke2 Be5 24. Kd3 Bc7 25. Bb3 Bb6 26. Ke2 a5 27. a4 Bc5 28. Bc4 h5 29. h4 Kf6 30. g3 Bd6 31. Kf3 1/2-1/2

[Event "St Petersburg-ch sf"]
[Site "St Petersburg"]
[Date "2011.02.16"]
[Round "6"]
[White "Pankov, German"]
[Black "Maevsky, Nikolay"]
[Result "1/2-1/2"]
[WhiteElo "2381"]
[BlackElo "2305"]
[PlyCount "114"]
[EventDate "2011.02.11"]
[EventType "swiss"]
[EventRounds "9"]
[EventCountry "RUS"]
[SourceTitle "CBM 141 Extra"]
[Source "ChessBase"]
[SourceDate "2011.05.03"]
[SourceVersion "1"]
[SourceVersionDate "2011.05.03"]
[SourceQuality "1"]

1. Nf3 d5 2. e3 Nf6 3. c4 e6 4. Nc3 a6 5. b3 c5 6. cxd5 exd5 7. d4 cxd4 8. Nxd4 Bb4 9. Bd2 Nc6 10. Nxc6 bxc6 11. Bd3 0-0 12. 0-0 Bd6 13. g3 Bh3 14. Re1 Ng4 15. Bf1 Qf6 16. Qe2 Bxf1 17. Rxf1 Qg6 18. Qf3 Ne5 19. Qg2 Qc2 20. Rfd1 Nd3 21. Ne2 Be5 22. Nd4 Bxd4 23. exd4 Nb2 24. Rac1 Qd3 25. Qf1 Qg6 26. Bb4 Nxd1 27. Bxf8 Nxf2 28. Bxg7 Ng4 29. Be5 Qh6 30. Qf4 Qxh2+ 31. Kf1 Qh1+ 32. Ke2 Qg2+ 33. Kd3 Nf2+ 34. Ke3 Ne4 35. Qg4+ Kf8 36. Qe2 Qxe2+ 37. Kxe2 Rc8 38. Rh1 Kg8 39. Rh6 Nc3+ 40. Kd2 Nxa2 41. Bd6 a5 42. Rh1 Nb4 43. Ra1 Na6 44. Rxa5 Nc7 45. Be5 Ne6 46. Ra7 Ng5 47. Ke3 Ne4 48. Kf4 c5 49. dxc5 Nxc5 50. Kf5 Nxb3 51. Rd7 Nc5 52. Rxd5 Ne6 53. Ra5 Nf8 54. Rb5 Ng6 55. Bf6 Re8 56. Ra5 Rc8 57. Kg5 Re8 1/2-1/2

[Event "EU-ch rapid"]
[Site "Warsaw"]
[Date "2010.12.18"]
[Round "6"]
[White "Pankov, German"]
[Black "Vovk, Yuri"]
[Result "0-1"]
[WhiteElo "2368"]
[BlackElo "2539"]
[PlyCount "88"]
[EventDate "2010.12.18"]
[EventType "swiss (rapid)"]
[EventRounds "13"]
[EventCountry "POL"]
[SourceTitle "CBM 139 Extra"]
[Source "ChessBase"]
[SourceDate "2011.01.05"]
[SourceVersion "1"]
[SourceVersionDate "2011.01.05"]
[SourceQuality "1"]

1. d4 Nf6 2. Bg5 Ne4 3. Bf4 c5 4. d5 Qb6 5. Bc1 g6 6. f3 Nf6 7. e4 d6 8. Nd2 Bg7 9. Nc4 Qc7 10. a4 0-0 11. Ne2 b6 12. Nc3 a6 13. Be2 Nbd7 14. 0-0 Rb8 15. Bg5 Bb7 16. Re1 Ba8 17. Nd2 Bb7 18. Bf1 Rbe8 19. Nc4 Nh5 20. Qd2 Ne5 21. Nxe5 Bxe5 22. Be3 Bg7 23. g4 Nf6 24. Rad1 Rb8 25. g5 Nd7 26. f4 Bc8 27. h4 c4 28. Bg2 b5 29. axb5 axb5 30. Ne2 Nc5 31. Nd4 Bd7 32. h5 Ra8 33. Bf3 Ra2 34. Rb1 Na4 35. Qb4 Qc5 36. Qxc5 Nxc5 37. h6 Bh8 38. Red1 Na4 39. Ra1 Rxb2 40. Rdb1 c3 41. Rxb2 cxb2 42. Rb1 Rc8 43. Nc6 Bxc6 44. dxc6 Rxc6 0-1

[Event "St Petersburg Autumn op"]
[Site "St Petersburg"]
[Date "2010.10.24"]
[Round "9"]
[White "Pankov, German"]
[Black "Maevsky, Nikolay"]
[Result "1/2-1/2"]
[WhiteElo "2350"]
[BlackElo "2302"]
[PlyCount "66"]
[EventDate "2010.10.16"]
[EventType "swiss"]
[EventRounds "9"]
[EventCountry "RUS"]
[SourceTitle "EXT 2011"]
[Source "ChessBase"]
[SourceDate "2010.11.26"]
[SourceVersion "1"]
[SourceVersionDate "2010.11.26"]
[SourceQuality "1"]

1. d4 d5 2. c4 e6 3. Nf3 Nf6 4. e3 Be7 5. Bd3 0-0 6. 0-0 a6 7. b3 c5 8. cxd5 exd5 9. Bb2 Nc6 10. Nbd2 cxd4 11. Nxd4 Ne5 12. Bf5 Bd6 13. N2f3 Re8 14. Rc1 Bd7 15. Qe2 Qe7 16. Bxd7 Qxd7 17. Nxe5 Bxe5 18. Nf3 Bxb2 19. Qxb2 Rac8 20. Rfd1 Rxc1 21. Rxc1 Rc8 22. Rc2 Ne4 23. Qc1 Rxc2 24. Qxc2 Qc6 25. Nd4 Qxc2 26. Nxc2 Nc3 27. a3 Kf8 28. Kf1 Ke7 29. Ke1 h5 30. Nd4 Ne4 31. Ke2 g6 32. f3 Nf6 33. Nc2 Kd6 1/2-1/2

[Event "EU-ch 11th"]
[Site "Rijeka"]
[Date "2010.03.14"]
[Round "8"]
[White "Medvegy, Zoltan"]
[Black "Pankov, German"]
[Result "1/2-1/2"]
[WhiteElo "2556"]
[BlackElo "2353"]
[PlyCount "45"]
[EventDate "2010.03.06"]
[EventType "swiss"]
[EventRounds "11"]
[EventCountry "CRO"]
[SourceTitle "CBM 136"]
[Source "ChessBase"]
[SourceDate "2010.05.18"]
[SourceVersion "1"]
[SourceVersionDate "2010.05.18"]
[SourceQuality "1"]

1. d4 d5 2. c4 c6 3. Nc3 Nf6 4. e3 e6 5. Nf3 Nbd7 6. Qc2 Bd6 7. b3 0-0 8. Be2 b6 9. 0-0 Bb7 10. Bb2 c5 11. cxd5 exd5 12. Rad1 Rc8 13. Qf5 Qe7 14. Bd3 a6 15. Qh3 c4 16. bxc4 dxc4 17. Bc2 b5 18. e4 b4 19. e5 bxc3 20. exf6 Nxf6 21. Bxc3 Be4 22. Rfe1 Qb7 23. Rb1 1/2-1/2

[Event "EU-ch 11th"]
[Site "Rijeka"]
[Date "2010.03.08"]
[Round "3"]
[White "Shimanov, Aleksandr"]
[Black "Pankov, German"]
[Result "0-1"]
[WhiteElo "2553"]
[BlackElo "2353"]
[PlyCount "116"]
[EventDate "2010.03.06"]
[EventType "swiss"]
[EventRounds "11"]
[EventCountry "CRO"]
[SourceTitle "CBM 136"]
[Source "ChessBase"]
[SourceDate "2010.05.18"]
[SourceVersion "1"]
[SourceVersionDate "2010.05.18"]
[SourceQuality "1"]

1. d4 Nf6 2. Nf3 c5 3. d5 e6 4. Nc3 Nxd5 5. Nxd5 exd5 6. Qxd5 Nc6 7. e4 Be7 8. Bc4 0-0 9. c3 d6 10. Qh5 Be6 11. Bxe6 fxe6 12. h4 Qe8 13. Qg4 Qf7 14. Be3 d5 15. h5 Rad8 16. Rd1 d4 17. cxd4 cxd4 18. Nxd4 Bb4+ 19. Kf1 Bc5 20. e5 Bxd4 21. Rxd4 Nxd4 22. Bxd4 Rd5 23. Rh3 Rfd8 24. Bc3 Rd1+ 25. Ke2 Qd7 26. Re3 Rg1 27. Kf3 Qd1+ 28. Re2 Qd3+ 29. Re3 Qd1+ 30. Re2 Qd3+ 31. Re3 Qd5+ 32. Re4 Rf8+ 33. Kg3 Rf5 34. f3 Rd1 35. h6 g6 36. Rc4 Qd8 37. Qe4 Rd5 38. Qc2 Qg5+ 39. Kf2 Qxh6 40. Rc8+ Rf8 41. Rc7 Qh4+ 42. Ke3 b5 43. a3 a5 44. Qe4 Qg3 45. Qg4 Rxe5+ 46. Kd3 Rd5+ 47. Ke4 Qxc7 48. Qxe6+ Qf7 49. Qxd5 Qxd5+ 50. Kxd5 a4 51. Be5 Rc8 52. Ke6 Rc6+ 53. Kd5 Rc2 54. g3 Kf7 55. Bc3 Rg2 56. Be5 Rf2 57. Ke4 Re2+ 58. Kd5 Re3 0-1

[Event "EU-ch 11th"]
[Site "Rijeka"]
[Date "2010.03.06"]
[Round "1"]
[White "Pankov, German"]
[Black "Dvirnyy, Danyyil"]
[Result "0-1"]
[WhiteElo "2353"]
[BlackElo "2450"]
[PlyCount "36"]
[EventDate "2010.03.06"]
[EventType "swiss"]
[EventRounds "11"]
[EventCountry "CRO"]
[SourceTitle "CBM 136"]
[Source "ChessBase"]
[SourceDate "2010.05.18"]
[SourceVersion "1"]
[SourceVersionDate "2010.05.18"]
[SourceQuality "1"]

1. d4 Nf6 2. Bg5 d5 3. Bxf6 exf6 4. g3 c6 5. Bg2 Qb6 6. b3 h5 7. h4 Bd6 8. Qd3 0-0 9. Nd2 g6 10. e4 Re8 11. Ne2 Bg4 12. f3 Be6 13. Nf1 c5 14. exd5 Bf5 15. Qc4 cxd4 16. Nd2 d3 17. cxd3 Bxg3+ 18. Kd1 Rxe2 0-1

[Event "St Petersburg-ch sf"]
[Site "St Petersburg"]
[Date "2010.02.19"]
[Round "7"]
[White "Solovyov, Viktor"]
[Black "Pankov, German"]
[Result "1/2-1/2"]
[WhiteElo "2230"]
[BlackElo "2394"]
[PlyCount "98"]
[EventDate "2010.02.13"]
[EventType "swiss"]
[EventRounds "9"]
[EventCountry "RUS"]
[SourceTitle "CBM 135 Extra"]
[Source "ChessBase"]
[SourceDate "2010.05.04"]
[SourceVersion "1"]
[SourceVersionDate "2010.05.04"]
[SourceQuality "1"]

1. Nf3 b5 2. d4 Bb7 3. g3 Nf6 4. Bg2 e6 5. 0-0 c5 6. b3 cxd4 7. Bb2 Be7 8. Qxd4 Nc6 9. Qd1 d5 10. Nbd2 b4 11. c4 bxc3 12. Bxc3 0-0 13. Qb1 a5 14. Qb2 Qb6 15. Rad1 Rfc8 16. Nd4 Nb4 17. Rc1 Ba6 18. N2f3 Ne4 19. a3 Nxc3 20. Rxc3 Rxc3 21. Qxc3 Rc8 22. Qb2 Nc6 23. Rc1 Nxd4 24. Rxc8+ Bxc8 25. Nxd4 Ba6 26. e3 Qc5 27. a4 Qb4 28. Qc1 Bc5 29. Bf1 Bb7 30. Bb5 Bb6 31. Nc6 Qd6 32. Qc3 Qc7 33. Qe5 Qxe5 34. Nxe5 Bc7 35. Nc6 f6 36. Kf1 Kf7 37. Ke2 e5 38. b4 axb4 39. Nxb4 Ke6 40. Bc6 Bxc6 41. Nxc6 Kd6 42. Nb4 Ba5 43. Nd3 e4 44. Nf4 g5 45. Nh5 Bc3 46. g4 Kc5 47. f3 Be5 48. fxe4 dxe4 49. Ng3 Bxg3 1/2-1/2

[Event "RUS-chT 16th"]
[Site "Dagomys"]
[Date "2009.04.09"]
[Round "6"]
[White "Dreev, Alexey"]
[Black "Pankov, German"]
[Result "1-0"]
[WhiteElo "2668"]
[BlackElo "2384"]
[PlyCount "69"]
[EventDate "2009.04.04"]
[EventType "team-tourn"]
[EventRounds "7"]
[EventCountry "RUS"]
[SourceTitle "EXT 2020"]
[Source "ChessBase"]
[SourceDate "2019.10.17"]
[SourceVersion "1"]
[SourceVersionDate "2019.10.17"]
[SourceQuality "1"]
[WhiteTeam "Sverdlovsk Ural region"]
[BlackTeam "St Petersburg Mikhail Chigorin"]
[WhiteTeamCountry "RUS"]
[BlackTeamCountry "RUS"]

1. d4 d5 2. c4 e5 3. dxe5 d4 4. Nf3 Nc6 5. g3 Nge7 6. Bg2 Ng6 7. Bg5 Qd7 8. e6 fxe6 9. 0-0 h6 10. Bc1 e5 11. Nbd2 Qf7 12. a3 a5 13. b3 Be7 14. Ne1 0-0 15. Nd3 Nd8 16. Bb2 Bd7 17. e3 Bc6 18. exd4 Bxg2 19. Kxg2 exd4 20. Qf3 Qxf3+ 21. Nxf3 Nc6 22. Rfe1 Rad8 23. Nd2 b6 24. f4 Bf6 25. Ne4 Rfe8 26. Re2 Kf7 27. Rae1 Re7 28. Kf3 Rde8 29. h3 Nf8 30. b4 Ne6 31. b5 Ncd8 32. a4 Rh8 33. f5 Ng5+ 34. Nxg5+ hxg5 35. Rxe7+ 1-0

[Event "RUS-chT 16th"]
[Site "Dagomys"]
[Date "2009.04.07"]
[Round "4"]
[White "Yemelin, Vasily"]
[Black "Pankov, German"]
[Result "1-0"]
[WhiteElo "2582"]
[BlackElo "2384"]
[PlyCount "97"]
[EventDate "2009.04.04"]
[EventType "team-tourn"]
[EventRounds "7"]
[EventCountry "RUS"]
[SourceTitle "EXT 2020"]
[Source "ChessBase"]
[SourceDate "2019.10.17"]
[SourceVersion "1"]
[SourceVersionDate "2019.10.17"]
[SourceQuality "1"]
[WhiteTeam "Sankt Petersburg Chess Federation"]
[BlackTeam "St Petersburg Mikhail Chigorin"]
[WhiteTeamCountry "RUS"]
[BlackTeamCountry "RUS"]

1. e4 c5 2. Nf3 Nc6 3. d4 cxd4 4. Nxd4 g6 5. c4 Nf6 6. Nc3 d6 7. Nc2 Bg7 8. Be2 0-0 9. 0-0 a5 10. Be3 a4 11. Rc1 Nd7 12. Na3 Nc5 13. Nab5 Qa5 14. Bd2 Qd8 15. Be3 Qa5 16. Qd2 Rd8 17. Rfd1 Be6 18. f3 Rdc8 19. g3 Qb4 20. Nd5 Qxd2 21. Rxd2 Bxd5 22. cxd5 Nb4 23. Bxc5 Na6 24. b4 dxc5 25. bxc5 Rxc5 26. Rxc5 Nxc5 27. Kf2 Rc8 28. Ke3 f5 29. exf5 gxf5 30. Nd4 Rf8 31. f4 Ne4 32. Rc2 Nd6 33. Rc7 Bf6 34. Nb5 Nxb5 35. Bxb5 a3 36. Bd3 Rb8 37. Bxf5 b5 38. d6 exd6 39. Bxh7+ Kh8 40. Bc2 d5 41. Rh7+ Kg8 42. Ra7 d4+ 43. Ke4 b4 44. g4 Rc8 45. Bb3+ Kh8 46. g5 Bg7 47. h4 Re8+ 48. Kf5 Rd8 49. Ke4 1-0

[Event "EU-ch 10th"]
[Site "Budva"]
[Date "2009.03.15"]
[Round "9"]
[White "Wells, Peter K"]
[Black "Pankov, German"]
[Result "1/2-1/2"]
[WhiteElo "2513"]
[BlackElo "2392"]
[PlyCount "104"]
[EventDate "2009.03.06"]
[EventType "swiss"]
[EventRounds "11"]
[EventCountry "MNE"]
[SourceTitle "CBM 130"]
[Source "ChessBase"]
[SourceDate "2009.05.20"]
[SourceVersion "1"]
[SourceVersionDate "2009.05.20"]
[SourceQuality "1"]

1. Nf3 d5 2. c4 d4 3. b4 f6 4. e3 e5 5. c5 dxe3 6. fxe3 Be6 7. Qc2 c6 8. d4 Nh6 9. Bd3 g6 10. 0-0 Nf7 11. dxe5 fxe5 12. Bc4 Qe7 13. e4 Na6 14. Bxa6 bxa6 15. Qa4 Qb7 16. Ng5 Nxg5 17. Bxg5 Bg7 18. Nd2 Rf8 19. Nb3 Qb5 20. Qxb5 axb5 21. Na5 Kd7 22. Rfd1+ Kc7 23. Rd6 Bd7 24. Rad1 Rf7 25. h3 Raf8 26. a3 Ra8 27. R1d2 Rc8 28. Kh2 Rb8 29. R2d3 Rc8 30. Nb7 Kxb7 31. Rxd7+ Rxd7 32. Rxd7+ Rc7 33. Rd8 Rc8 34. Rd6 Rc7 35. Rd8 Rc8 36. Rd6 Rc7 37. g3 Rf7 38. Kg2 Kc7 39. Bd8+ Kb7 40. h4 Kc8 41. Bg5 Kc7 42. Kh3 Bf8 43. Rf6 Rxf6 44. Bxf6 Kd7 45. Bxe5 Ke6 46. Bb2 Bh6 47. h5 Bd2 48. hxg6 hxg6 49. Kg4 Be3 50. Kf3 Bd2 51. Ke2 Bh6 52. Kd3 Bg5 1/2-1/2